Finlands biggest cities by letter - Statistics

General Stats
  • This quiz has been taken 375 times
  • The average score is 12 of 21
Answer Stats
Hint Population Answer % Correct
H 624 427 Helsinki
99%
T 223 292 Tampere
92%
E 266 791 Espoo
90%
O 196 956 Oulu
88%
V 211 730 Vantaa
84%
J 135 961 Jyväskylä
82%
L 103 882 Lahti
78%
K 111 198 Kuopio
77%
P 85 379 Pori
75%
R 61 570 Rovaniemi
72%
M 54 655 Mikkeli
58%
S 61 084 Seinäjoki
54%
I 27 998 Imatra
43%
F 17 452 Forssa
41%
Ä 19 929 Äänekoski
38%
U 15 601 Uusikaupunki
35%
A 17 072 Akaa
33%
Y 32 500 Ylöjärvi
30%
N 41 752 Nurmijärvi
29%
G 492 Geta
18%
B 469 Brändö
15%
No matching quizzes found
Score Distribution
Percent of People with Each Score
Percentile by Number Answered
Your Score History
You have not taken this quiz